| 000 | 02164nam1a2200325 i 4500 | ||
|---|---|---|---|
| 001 | RU\NLR\BIBL_A\016281406 | ||
| 005 | 20260407102654.0 | ||
| 035 | _a(NLR Aleph) 016281406 | ||
| 090 |
_a12917457 _c12917457 |
||
| 100 | _a20230201g19061915k a0rusy50 ca | ||
| 101 | 0 | _arus | |
| 102 | _aRU | ||
| 105 | _a g 000 y | ||
| 181 | 0 |
_ai _baxxe |
|
| 182 | 0 | _an | |
| 200 | 1 |
_aДополнение к 7-му выпуску Руководства для плавания из Кронштадта во Владивосток и обратно. Издания 1904 года. (Красное море с Суэцким каналом) _fиздано Главным Гидрографическим Управлением Морского Министерства |
|
| 203 |
_aТекст _bвизуальный _cнепосредственный |
||
| 210 |
_aС.-Петербург _cТипография Морского Министерства, в Главном Адмиралтействе _d1906-1915 |
||
| 215 |
_a8 т. _d24 |
||
| 316 |
_aЭкз. РНБ на шифре 20.48.5.4 (7, доп. 1-7) сплетены в один переплет _5NLR: 20.48.5.4 (7, доп. 1-7) |
||
| 422 | 0 |
_12001#$aРуководство для плавания из Кронштадта во Владивосток и обратно$hвып. 7$iКрасное море с Суэцким каналом _1210##$aС.-Петербург$cТ-во Р. Голике и А. Вильборг$d1904 _1700#1 _tРуководство для плавания из Кронштадта во Владивосток и обратно _a |
|
| 545 | 1 | _aКрасное море с Суэцким каналом | |
| 607 |
_aКрасное море _xЛоция _91417283 _3RU\NLR\AUTH\66597757 |
||
| 607 |
_aСуэцкий канал _xПравила плавания _91692226 _3RU\NLR\AUTH\661050790 |
||
| 620 |
_aRU _dСанкт-Петербург |
||
| 686 | 1 | _aО471.12,1(931) | |
| 711 | 0 | 1 |
_aРоссия _bГлавное гидрографическое управление _3RU\NLR\AUTH\889931037 _9357546 |
| 852 |
_aNLR _j20.48.5.4 (7, доп. 1-7, 8) |
||
| 942 | _cBOOK | ||